Estadísticas para Jugadores con más partidos en el Real Valladolid

Haz click aquí para intentar la prueba.

Estadísticas generales

  • Esta prueba ha sido intentada 2 veces
  • La puntuación promedio es 2 de 10

Estadísticas de respuestas

PartidosNacionaliadJugador% Correcto
399EspañaAlberto Marcos
100%
248EspañaJosé Luis Caminero
50%
264BoliviaJuan Manuel Peña
50%
285EspañaÁlvaro Rubio
0%
267EspañaEusebio
0%
307EspañaJavier Torres Gómez
0%
294EspañaLuis Minguela
0%
282EspañaÓscar González
0%
229EspañaÓscar Plano
0%
230EspañaVíctor Fernández
0%

Distribución de puntuación

Porcentaje por número respondido

Porcentaje de gente con cada puntuación

Historial de tus puntuaciones

No has intentado esta prueba.